rosa dell'Italia campione ad EURO2020 - Statistics

Statistiche generali
  • Questo quiz è stato fatto 1.896 volte
  • Il punteggio medio è 19 su 26
Statistiche sulle risposte
Hint Risposta % Corretto
PORTIERE DONNARUMMA
100%
DIFENSORE CENTRALE BONUCCI
96%
DIFENSORE CENTRALE CHIELLINI
95%
PUNTA IMMOBILE
95%
ALA SINISTRA CHIESA
92%
CENTROCAMPISTA BARELLA
91%
ALA SINISTRA INSIGNE
89%
PORTIERE MERET
86%
TERZINO SINISTRO SPINAZZOLA
86%
TERZINO DESTRO DI LORENZO
83%
CENTROCAMPISTA JORGINHO
82%
DIFENSORE CENTRALE BASTONI
77%
TERZINO SINISTRO EMERSON PALMIERI
75%
CENTROCAMPISTA LOCATELLI
75%
CENTROCAMPISTA PESSINA
75%
PORTIERE SIRIGU
75%
CENTROCAMPISTA VERRATTI
75%
ALA DESTRA BERARDI
68%
PUNTA BELOTTI
66%
DIFENSORE CENTRALE ACERBI
64%
TERZINO DESTRO FLORENZI
58%
ALA DESTRA BERNARDESCHI
57%
PUNTA RASPADORI
48%
CENTROCAMPISTA CRISTANTE
41%
DIFENSORE CENTRALE TOLOI
35%
CENTROCAMPISTA CASTROVILLI
22%
Nessun quiz corrispondente trovato
Distribuzione punteggi
Percentuale di utenti per punteggio
Percentile per numero di risposta
I tuoi punteggi nel tempo
Non hai fatto questo quiz